| 000 | 00000nam##2200000za#4500 |
| 001 | 9.602707 |
| 003 | CaOODSP |
| 005 | 20210624210715 |
| 007 | cr ||||||||||| |
| 008 | 150406|1998||||xxc|||||o f|0| 0 fre|d |
| 040 | |aCaOODSP|bfre |
| 043 | |an-cn--- |
| 086 | 1 |aF21-6/1998-9F-PDF |
| 110 | 1 |aCanada.|bMinistère des finances.|bGroupe de travail sur l'avenir du secteur des services financiers canadien. |
| 245 | 10|aFinancement des entreprises de pointe : |h[ressource électronique]|benjeux d'ordre juridique et réglementaire / |cpar Allan L. Riding. |
| 260 | |aOttawa - Ontario : |bFinances Canada. |cSeptembre 1998. |
| 300 | |a172p.|bgraphiques, références, tableaux |
| 490 | 1 |aDocument de recherche préparé pour le Groupe de travail sur l'avenir du secteur des services financiers canadien |
| 500 | |aLe n° de catalogue (BT22-61/3-1998F-9) copié dans cette édition PDF est incorrect. L'ISBN (0-662-83160-8) de l'édition imprimée a été incorrectement copié dans l'édition électronique. |
| 504 | |aBibliographie. |
| 590 | |a11-30-Supp|b2011-12-02 |
| 691 | 07|aInstitution financière|2gcpds |
| 720 | 1 |aRiding, Allan |
| 775 | 08|tFinancing entrepreneurial firms : |w(CaOODSP)9.572330 |
| 776 | 0#|tFinancement des entreprises de pointe : |w(CaOODSP)9.624855 |
| 830 | #0|aDocument de recherche préparé pour le Groupe de travail sur l'avenir du secteur des services financiers canadien.|w(CaOODSP)9.503148 |
| 856 | 40|ahttp://publications.gc.ca|qPDF|s719 Ko|uhttps://publications.gc.ca/collections/Collection/F21-6-1998-9F.pdf |